000 00317nam a22001337a 4500
008 170913b xxu||||| |||| 00| 0 eng d
020 _a9780030226540
041 _aeng
080 _25 ED
_a53
100 _a43
101 _aFIZ
245 _aPHYSICS FOR SCIENTISTS AND ENGINEERS
_cBEICHNER.S
942 _2udc
_cBK
999 _c27451
_d27451